| 000 | nam a22 7a 4500 | ||
|---|---|---|---|
| 999 |
_c346868 _d346868 |
||
| 003 | BLK | ||
| 005 | 20221104172228.0 | ||
| 008 | 190829b bu ||||| |||| 00| 0 bu d | ||
| 020 | _a9786197350401 | ||
| 040 | _aBLK | ||
| 041 |
_aBUL _cBUL |
||
| 080 |
_aАмериканска литература (на САЩ) _b821.111(73) _z821.111(73)-94 |
||
| 100 |
_9382552 _aПлат, Силвия _eпърви автор |
||
| 139 |
_aПлат, Силвия _bП 58 |
||
| 245 |
_aКухнята на госпожа Черешова _cСилвия Плат, прев. Стефан Русинов; ил. Капка Кънева |
||
| 260 |
_9216827 _bЛист _c2019 |
||
| 300 |
_a84 с. _c23Х23 см |
||
| 380 | _aDX | ||
| 490 |
_9209350 _aПоредица Детски шедьоври от велики писатели |
||
| 942 |
_cKNG _n0 _s1 _04 |
||
| 944 |
_aCR _c2019-12-04 _kМоника Янева _l2019-12-04 |
||
| 999 | _d346868 | ||
| 999 | _d346867 | ||
| 999 | _d346867 | ||
| 999 | _d334287 | ||